000 00393nam a2200157 a 4500
005 20140310183202.0
008 021220s19uu xx 00 eng d
050 _aPZ 7
_b.H586 1988
100 _aHess, Joan
245 _aRed rover, red rover /
_cJoan Hess.
260 _aUSA :
_bJoan Hess,
_c1988.
300 _a155 p. :
_c18 cm.
650 _aFiction
942 _cBK
_2lcc
999 _c19879
_d19879